Logistika vybrané state

Bibliographic Details
Main Author: Viestová, Kristína, 1942- (Author)
Format: Software eBook
Language:Slovak
PhysicalDescription:1 elektronický optický disk (CD-ROM) fareb. 12 cm
Published: Trenčín Inštitút aplikovaného manažmentu 2012
ISBN:9788097080273
Subjects:

MARC

LEADER 00000nam a2200000 a 4500
001 vtls010428193
003 SK-MaSNL
005 20260301141655.0
007 co cg auuua
008 240314s2012 xo fsp 000 0 slo
015 |a SNBS2014 
020 |a 9788097080273  |q (elektronická kniha) 
040 |a SNK  |b slo  |c SNK  |e AACR2 
041 0 |a slo 
044 |a xo  |c SK 
072 7 |a 005  |x Manažment. Riadenie  |2 konspekt 
080 |a 005.51  |2 2001 
080 |a 65.012.34  |2 2001 
080 |a (07)  |2 2001 
080 |a (0.034.44)  |2 2001 
100 1 |a Viestová, Kristína,  |d 1942-  |4 aut  |9 86428 
245 1 0 |a Logistika  |h elektronický zdroj  |b vybrané state  |c Kristína Viestová 
260 |a Trenčín  |b Inštitút aplikovaného manažmentu  |c 2012 
300 |a 1 elektronický optický disk (CD-ROM)  |b fareb.  |c 12 cm 
500 |a Názov z titulnej obrazovky 
504 |a Bibliogr. odkazy 
516 |a Textový dokument (učebnica), súbor vo formáte pdf 
538 |a Technické požiadavky: PDF prehliadač 
650 0 7 |a logistika (manažment)  |2 SNKPH  |9 3620 
650 0 7 |a Business logistics  |2 SNKPHeng  |9 274299 
655 7 |a elektronické zdroje  |2 SNKPH  |9 90954 
655 7 |a CD-ROM  |2 SNKPH  |9 70236 
655 7 |a učebné texty  |2 SNKPH  |9 70568 
655 7 |a Electronic resources  |2 SNKPHeng  |9 175546 
655 7 |a Educational texts  |2 SNKPHeng  |9 277375 
710 2 |a Vysoká škola ekonómie a manažmentu verejnej správy v Bratislave  |4 pbl  |9 177477 
919 |a 978-80-970802-7-3 
958 |a NB 
999 |c 767928  |d 769858 
952 |a SNK  |b SNK  |y PREZ  |7 0  |p 17A0954446  |o snkSCDM 4827  |i snk2012/11071  |8 0  |0 0  |1 0  |4 0  |d 2012-06-07  |l 0  |r 2026-02-24 00:25:13  |w 2026-02-24 
952 |t snkLOG 005.51  |a SNKMST  |b SNKMST  |y PREZ  |7 0  |p 17A0954447  |o snkSCDM 4827 D1  |i snk2012/11072  |8 0  |0 0  |1 0  |4 0  |d 2012-06-07  |l 0  |r 2025-08-11 00:00:00  |w 2026-02-24